| 000 | 01006cab a2200289 4500 | ||
|---|---|---|---|
| 001 | WB3119-08 | ||
| 008 | 090401t1995 xxu||||| |||| 00| 0 eng d | ||
| 035 | _a(Sirsi) u70494 | ||
| 041 | _aeng | ||
| 245 | _aIndustry cool on contracts law | ||
| 260 | _c1995 | ||
| 350 | _a0 | ||
| 490 |
_aBuilding _v260(7893) 19 May 1995, 7 |
||
| 490 |
_aFinancial Times _v18 May 1995, 9 |
||
| 490 |
_aConstruction News _v(6415) 18 May 1995, 2 |
||
| 490 |
_aDoE News Release _v(228) 17 May 1995, (4) |
||
| 520 | _aThe DoE`s consultation paper outlining proposals for ensuring fair conditions in construction contracts does not include bespoke contracts. The omission is criticised by the construction industry. | ||
| 650 | _aBESPOKE CONTRACTS | ||
| 650 | _aLATHAM REFORMS | ||
| 650 | _aCONTRACT DOCUMENTATION | ||
| 650 | _aFAIR CONSTRUCTION CONTRACTS | ||
| 650 | _aLATHAM REFORMS | ||
| 650 | _aLATHAM REFORMS | ||
| 690 | _aBUILT ENVIRONMENT-BUILDING CONTRACT FORMS | ||
| 942 | _n0 | ||
| 948 | _c04/03/1997 | ||
| 999 |
_c44342 _d44342 |
||